[Event "Challenge"]
[Site "http://www.queenalice.com/game.php?id=290295"]
[Date "2007.10.20"]
[Round "-"]
[White "ane"]
[Black "lorae"]
[Result "0-1"]
[WhiteElo "1063"]
[BlackElo "1500"]

1. e4 e5 2. g3 Nf6 3. Nh3 Bc5 4. b3 Nxe4 5. Qh5 d6 6. Qxf7+ Kxf7 7. Ke2 Bxh3 8.
Bxh3 Nxf2 9. Rg1 Nxh3 10. Rg2 Rf8 11. Bb2 Kg8 12. Nc3 Rf2+ 13. Rxf2 Nxf2 14. Ke1
Qf6 15. Rd1 Nxd1 16. Nxd1 Bd4 17. Bxd4 exd4 18. Ke2 Nc6 19. Ke1 Re8+ 20. Ne3
dxe3 21. Kd1 Qf1# 0-1

[Event "bon chance"]
[Site "http://www.queenalice.com/game.php?id=290810"]
[Date "2007.10.22"]
[Round "-"]
[White "lorae"]
[Black "Marnik1971"]
[Result "1-0"]
[WhiteElo "1347"]
[BlackElo "841"]

1. e4 g6 2. Nf3 e6 3. Nc3 f5 4. exf5 gxf5 5. Bc4 Nf6 6. d4 a6 7. d5 b5 8. Bb3
exd5 9. Qe2+ Be7 10. Bxd5 c6 11. Bb3 d5 12. Bg5 h6 13. Bxf6 Rg8 14. O-O-O Qd6
15. Bxe7 Qxe7 16. Qd2 Rxg2 17. Rhe1 Be6 18. Nd4 Kd7 19. Nxe6 Qh4 20. Nf8+ Kd8
21. Re2 Nd7 22. Nxd7 Kxd7 23. Nxd5 a5 24. Nf4+ Kc7 25. Nxg2 Qxh2 26. Bd5 cxd5
27. Re7+ Kb6 28. Qd4+ Kc6 29. Qxd5+ Kb6 30. Qd6+ Qxd6 31. Rxd6+ Kc5 32. Rxh6 Rc8
33. Re5+ Kd4 34. Rxf5 Ke4 35. Rf4+ Kd5 36. Rh5+ Kc6 37. Rf6+ Kc7 38. Rc5+ Kd7
39. Rxc8 Kxc8 40. Rd6 Kc7 41. Rd5 Kc6 42. Ne3 b4 43. f4 1-0

[Event "lorae"]
[Site "http://www.queenalice.com/game.php?id=297796"]
[Date "2007.11.3"]
[Round "2"]
[White "aragats"]
[Black "lorae"]
[Result "1-0"]
[WhiteElo "1774"]
[BlackElo "1548"]

1. e4 e5 2. Nf3 Nc6 3. Bb5 a6 4. Ba4 d6 5. d3 Bd7 6. Nc3 Qe7 7. Nd5 Qd8 8. Bb3
Be6 9. O-O Qd7 10. Be3 O-O-O 11. Ng5 Bxd5 12. Bxd5 Nh6 13. Qh5 g6 14. Qf3 Bg7
15. Nxf7 Nxf7 16. Qxf7 Qxf7 17. Bxf7 Nb4 18. Bb3 Rdf8 19. a3 Nc6 20. Rad1 h5 21.
c3 Bh6 22. Bxh6 Rxh6 23. Bd5 Ne7 24. d4 g5 25. h3 Nxd5 26. exd5 exd4 27. Rxd4
Re8 28. c4 g4 29. hxg4 hxg4 30. Rxg4 Reh8 31. f3 Rh1+ 32. Kf2 R1h6 33. Re1 c6
34. dxc6 bxc6 35. Re7 d5 36. Ra7 Kb8 37. Rxa6 Rh5 38. Rxc6 Kb7 39. Rc5 Rd8 40.
Rxd5 Rhxd5 41. cxd5 Rxd5 42. Ke3 Rf5 43. Ke4 Rf8 44. Rg6 Re8+ 45. Kd3 1-0

[Event "Challenge"]
[Site "http://www.queenalice.com/game.php?id=298252"]
[Date "2007.11.4"]
[Round "-"]
[White "lesangesleader"]
[Black "lorae"]
[Result "1/2-1/2"]
[WhiteElo "1688"]
[BlackElo "1477"]

1. Nf3 Nf6 2. c4 Nc6 3. Nc3 e5 4. e4 Bb4 5. d3 Bxc3+ 6. bxc3 O-O 7. Be2 d6 8.
Bg5 h6 9. Be3 Bg4 10. O-O Bxf3 11. Bxf3 Qe7 12. Be2 b6 13. f3 a6 14. d4 exd4 15.
cxd4 b5 16. cxb5 axb5 17. Bxb5 Nb4 18. a4 d5 19. e5 Nd7 20. Bxd7 Qxd7 21. Rf2
Rfc8 22. Rb2 Na6 23. a5 c5 24. dxc5 Nxc5 25. Bxc5 Rxc5 26. a6 Rc7 27. Qd4 Rca7
28. Rb7 Rxb7 29. axb7 Qxb7 1/2-1/2

[Event "Challenge"]
[Site "http://www.queenalice.com/game.php?id=298254"]
[Date "2007.11.4"]
[Round "-"]
[White "lorae"]
[Black "ilestlibremax"]
[Result "1/2-1/2"]
[WhiteElo "1429"]
[BlackElo "1557"]

1. e4 e6 2. Nf3 d5 3. exd5 exd5 4. Qe2+ Qe7 5. Qxe7+ Bxe7 6. d4 Nf6 7. Bg5 h6 8.
Bxf6 Bxf6 9. Nc3 c6 10. O-O-O O-O 11. Re1 Be6 12. Bd3 1/2-1/2

[Event "BRASIL X  FRANÇA"]
[Site "http://www.queenalice.com/game.php?id=298387"]
[Date "2007.11.5"]
[Round "-"]
[White "jw16js"]
[Black "lorae"]
[Result "0-1"]
[WhiteElo "1458"]
[BlackElo "1405"]

1. g3 e5 2. Bg2 Nc6 3. c3 Bc5 4. e4 d6 5. b4 Bb6 6. Qc2 Nf6 7. h3 O-O 8. d3 Be6
9. Bg5 h6 10. Be3 Bxe3 11. fxe3 d5 12. Na3 d4 13. cxd4 exd4 14. e5 Nxe5 15. Bxb7
Rb8 16. Be4 Rxb4 17. Rb1 Rxb1+ 18. Nxb1 Nxe4 19. dxe4 dxe3 20. Nc3 Nd3+ 21. Ke2
Bc4 22. Kxe3 Nb4 23. Qd2 Qxd2+ 24. Kf3 Qxc3+ 25. Kf4 Nd3+ 26. Kf3 f5 27. Ne2
fxe4+ 28. Ke3 Qe5 29. Rd1 Rf3+ 30. Kd2 e3+ 31. Kc2 Nb4+ 32. Kb1 Bxa2+ 33. Kc1
Qa1# 0-1

[Event "Challenge"]
[Site "http://www.queenalice.com/game.php?id=299428"]
[Date "2007.11.6"]
[Round "-"]
[White "lorae"]
[Black "Ednilson_Aioria"]
[Result "0-1"]
[WhiteElo "1490"]
[BlackElo "1874"]

1. e4 e5 2. Nf3 Nc6 3. Bb5 a6 4. Bxc6 bxc6 5. d3 Nf6 6. O-O d5 7. Nxe5 Bb7 8.
Nd2 Bd6 9. Nef3 Nd7 10. Nb3 O-O 11. d4 dxe4 12. Bg5 Be7 13. Bxe7 Qxe7 14. Nfd2
f5 15. Re1 Rfe8 16. Qe2 c5 17. c3 cxd4 18. cxd4 Rad8 19. Rac1 Rc8 20. Na5 Qb4
21. Ndc4 Bd5 22. b3 Nb6 23. Nxb6 cxb6 24. Qxa6 Rxc1 25. Rxc1 Qxa5 26. Qe2 Qa3
27. Rc2 Bxb3 28. Rb2 Rc8 29. h3 Rc1+ 30. Kh2 Qd6+ 31. g3 Bd5 32. Qh5 e3 33. f3
Qc6 34. Re2 Bxf3 35. Qxf5 Rh1# 0-1

[Event "Challenge"]
[Site "http://www.queenalice.com/game.php?id=301741"]
[Date "2007.11.10"]
[Round "-"]
[White "lorae"]
[Black "Capixaba789"]
[Result "1/2-1/2"]
[WhiteElo "1461"]
[BlackElo "1701"]

1. e4 d6 2. Nc3 Nf6 3. Bc4 Nc6 4. Nf3 Bg4 5. h3 Bh5 6. Bb5 e6 7. Bxc6+ bxc6 8.
g4 Bg6 9. h4 Nxe4 10. d3 Nxc3 11. bxc3 h6 12. Rb1 Be7 13. a3 a5 14. Nd4 Qd7 15.
a4 Bf6 16. Be3 c5 17. Nb5 c6 18. Na3 1/2-1/2

[Event "AUTO-INT-714"]
[Site "http://www.queenalice.com/game.php?id=318054"]
[Date "2007.12.10"]
[Round "1"]
[White "lorae"]
[Black "IvanIrk"]
[Result "0-1"]
[WhiteElo "1496"]
[BlackElo "1772"]

1. e4 e5 2. Nf3 d6 3. h3 c6 4. Be2 h6 5. O-O Qc7 6. d3 a5 7. Be3 d5 8. a3 d4 9.
Bd2 Bd6 10. c3 c5 11. Qc1 Nf6 12. cxd4 exd4 13. Be1 O-O 14. Nbd2 b5 15. Nb3 Nc6
16. a4 Qb6 17. Bd2 Be6 18. Qe1 Bxb3 19. axb5 Qxb5 20. e5 Bxe5 21. Nxe5 Nxe5 22.
Bd1 Nxd3 23. Qe2 Bd5 24. b3 Rfe8 25. Be3 dxe3 0-1

[Event "AUTO-INT-714"]
[Site "http://www.queenalice.com/game.php?id=318055"]
[Date "2007.12.10"]
[Round "1"]
[White "IvanIrk"]
[Black "lorae"]
[Result "1-0"]
[WhiteElo "1690"]
[BlackElo "1543"]

1. e4 e5 2. c3 Nf6 3. d3 h6 4. Be2 Bc5 5. Qc2 d6 6. Nf3 Bg4 7. d4 exd4 8. cxd4
Bb6 9. Be3 Bxf3 10. Bxf3 O-O 11. O-O Re8 12. e5 dxe5 13. dxe5 Nd5 14. Rd1 c6 15.
Nc3 Bxe3 16. fxe3 Rxe5 17. e4 1-0

[Event "AUTO-INT-714"]
[Site "http://www.queenalice.com/game.php?id=318056"]
[Date "2007.12.10"]
[Round "1"]
[White "lorae"]
[Black "DukeSlywalker"]
[Result "0-1"]
[WhiteElo "1496"]
[BlackElo "1729"]

1. e4 e5 2. Nf3 Nc6 3. Bb5 a6 4. Bxc6 bxc6 5. Nxe5 Qe7 6. d4 d6 7. Ng4 Qxe4+ 8.
Be3 Bxg4 9. Nd2 Bxd1 10. Rxd1 Qxg2 11. Ke2 Qg6 12. Rhg1 Qxc2 13. Rb1 d5 14. Rgc1
Qf5 15. Rxc6 Bb4 16. Rbc1 Bxd2 17. Kxd2 Nf6 18. Rxc7 O-O 19. Rb7 Ne4+ 20. Ke2
Rac8 21. Rxc8 Qxc8 22. Rb4 Qg4+ 23. Kf1 Qd1+ 24. Kg2 Qe1 25. Rb3 Re8 26. a4 Nxf2
27. Bxf2 Re2 28. Rf3 Rxb2 29. h3 Qd1 30. a5 Qxd4 31. Kg3 Qe5+ 32. Kg2 d4 33. h4
Qe4 34. h5 d3 35. Kg1 Qxf3 36. Kh2 Rxf2+ 0-1

[Event "AUTO-INT-714"]
[Site "http://www.queenalice.com/game.php?id=318057"]
[Date "2007.12.10"]
[Round "1"]
[White "DukeSlywalker"]
[Black "lorae"]
[Result "1-0"]
[WhiteElo "1716"]
[BlackElo "1496"]

1. e4 e5 2. Nf3 Nc6 3. g3 Nf6 4. d3 Bc5 5. Bh3 O-O 6. O-O d6 7. Bxc8 Qxc8 8. Be3
Bxe3 9. fxe3 Qh3 10. d4 exd4 11. exd4 Nxe4 12. d5 Ne7 13. Qe2 Qg4 14. Kg2 Nf5
15. Nd4 Qxe2+ 16. Nxe2 Rae8 17. Rxf5 Nf6 18. Nbc3 h6 19. Nd4 Ng4 20. Rf4 Ne3+
21. Kf3 g5 22. Re4 Rxe4 23. Kxe4 Re8+ 24. Kd3 Ng4 25. Nf5 Kh7 26. Nb5 c6 27.
Nbxd6 Rd8 28. dxc6 bxc6 29. Kc4 Ne5+ 30. Kc5 f6 31. Nd4 Nd7+ 32. Kxc6 1-0

[Event "alé livry"]
[Site "http://www.queenalice.com/game.php?id=322532"]
[Date "2007.12.19"]
[Round "-"]
[White "lorae"]
[Black "Laurea"]
[Result "1-0"]
[WhiteElo "1443"]
[BlackElo "1333"]

1. e4 e5 2. Nf3 Nc6 3. Bb5 a6 4. Ba4 Nf6 5. Bxc6 bxc6 6. Nc3 Bb4 7. O-O Rb8 8.
d3 Bxc3 9. bxc3 d6 10. d4 Bg4 11. h3 Bh5 12. Bg5 Qe7 13. Bxf6 Qxf6 14. a4 1-0

[Event "Challenge"]
[Site "http://www.queenalice.com/game.php?id=378685"]
[Date "2008.3.29"]
[Round "-"]
[White "lorae"]
[Black "cowgirl"]
[Result "0-1"]
[WhiteElo "1453"]
[BlackElo "1935"]

1. e4 e5 2. Nf3 Nc6 3. Bb5 Nge7 4. O-O d6 5. Bxc6+ Nxc6 6. Nc3 Bg4 7. h3 Bxf3 8.
Qxf3 Nd4 9. Qd3 g6 10. Nb5 Ne6 11. c3 c6 12. Na3 Be7 13. Qc4 O-O 14. d4 exd4 15.
cxd4 d5 16. exd5 cxd5 17. Qb3 b6 18. Qd3 Bxa3 19. bxa3 Qd6 20. a4 Rfc8 21. Bb2
Rc4 22. Rfe1 Qb4 23. Rab1 Qxa4 24. a3 Nxd4 25. Qg3 Rc2 26. Ba1 Ne2+ 27. Rxe2
Rxe2 28. Kf1 Rae8 29. Rc1 Qb5 0-1

[Event "cirylle contre laura"]
[Site "http://www.queenalice.com/game.php?id=378686"]
[Date "2008.3.29"]
[Round "-"]
[White "lorae"]
[Black "cyrilledeLePin"]
[Result "0-1"]
[WhiteElo "1469"]
[BlackElo "1686"]

1. e4 e6 2. d4 d5 3. exd5 exd5 4. Nc3 Bb4 5. Bd2 Qe7+ 6. Qe2 Nf6 7. Qxe7+ Bxe7
8. O-O-O O-O 9. Nf3 Nc6 10. Bd3 Bg4 11. Be3 Rab8 12. h3 Bxf3 13. gxf3 Bb4 14.
Ne2 Bd6 15. f4 Rbe8 0-1

[Event "brasil / france"]
[Site "http://www.queenalice.com/game.php?id=378731"]
[Date "2008.3.29"]
[Round "-"]
[White "lorae"]
[Black "jw16js"]
[Result "0-1"]
[WhiteElo "1508"]
[BlackElo "1610"]

1. e4 e5 2. Nf3 f6 3. g3 d5 4. exd5 Qxd5 5. Nc3 Qc6 6. Bb5 Qd7 7. Bxd7+ Bxd7 8.
Nd5 Na6 9. a3 Bg4 10. h3 Bxf3 11. Qxf3 c6 12. Nb4 Bxb4 13. axb4 Nxb4 14. Qb3 c5
15. Qa4+ Nc6 16. c3 a5 17. Qb5 Ne7 18. Qxb7 O-O 19. Qb3+ Kh8 20. Qb5 e4 21. Qxc5
Rfe8 22. b4 Ne5 23. Qb5 Nd3+ 24. Ke2 Reb8 25. Qc4 f5 26. f3 Rc8 27. Qe6 Nc6 28.
fxe4 fxe4 29. g4 Nf4+ 0-1

[Event "père vs sa fille"]
[Site "http://www.queenalice.com/game.php?id=383710"]
[Date "2008.4.7"]
[Round "-"]
[White "pacou93"]
[Black "lorae"]
[Result "1-0"]
[WhiteElo "1796"]
[BlackElo "1455"]

1. e4 d6 2. d4 g6 3. Nc3 Bg7 4. f4 c5 5. Nf3 Nf6 6. dxc5 O-O 7. Bc4 dxc5 8. Qxd8
Rxd8 9. O-O Bg4 10. h3 Bxf3 11. Rxf3 Nc6 12. Be3 Nd4 13. Bxd4 Rxd4 14. Bb3 Nxe4
15. Nxe4 Rxe4 16. c3 Rd8 17. Rd1 1-0

[Event "france vs france"]
[Site "http://www.queenalice.com/game.php?id=386695"]
[Date "2008.4.12"]
[Round "-"]
[White "lorae"]
[Black "Hugo62"]
[Result "0-1"]
[WhiteElo "1491"]
[BlackElo "1330"]

1. e4 e5 2. Nf3 Nc6 3. Bb5 a6 4. Bxc6 bxc6 5. O-O f6 6. d3 c5 7. Nc3 c6 8. Re1
Ne7 9. h3 h6 10. a3 a5 11. b3 g5 0-1

[Event "Challenge"]
[Site "http://www.queenalice.com/game.php?id=386698"]
[Date "2008.4.12"]
[Round "-"]
[White "lorae"]
[Black "Guiguiu"]
[Result "0-1"]
[WhiteElo "1443"]
[BlackElo "1530"]

1. e4 e5 2. Nf3 Nc6 3. Bb5 a6 4. Bxc6 bxc6 5. O-O d6 6. d3 Bg4 7. Be3 Be7 8.
Nbd2 h6 9. h3 Bxf3 10. Nxf3 c5 11. Nh4 Bxh4 12. c3 c6 13. d4 cxd4 14. cxd4 Bf6
15. dxe5 Bxe5 16. Qe2 Ne7 17. Rad1 O-O 18. a3 d5 19. b3 Qc7 0-1

[Event "Challenge"]
[Site "http://www.queenalice.com/game.php?id=386742"]
[Date "2008.4.13"]
[Round "-"]
[White "lorae"]
[Black "Hugo62"]
[Result "0-1"]
[WhiteElo "1462"]
[BlackElo "1382"]

1. e4 e5 2. Nf3 Nc6 3. Bb5 a6 4. Bxc6 bxc6 5. O-O Qe7 6. Nc3 Qe6 7. d3 Ne7 8.
Ng5 f6 9. Nxe6 dxe6 10. d4 Rb8 11. dxe5 fxe5 12. f4 exf4 0-1